THE HEALTHY HOME HOW TO ENSURE YOUR HOME HAS A POSITIVE INFLUENCE ON YOUR HEALTH (Record no. 857923)

MARC details
000 -LEADER
fixed length control field 00365nam a2200133Ia 4500
008 - FIXED-LENGTH DATA ELEMENTS--GENERAL INFORMATION
fixed length control field 230822s2007 xx 000 0 und d
020 ## - INTERNATIONAL STANDARD BOOK NUMBER
International Standard Book Number 1840911328
041 ## - LANGUAGE CODE
Language code of text/sound track or separate title eng
082 ## - DEWEY DECIMAL CLASSIFICATION NUMBER
Classification number 725.5
100 ## - MAIN ENTRY--PERSONAL NAME
Personal name LAZENBY G.
245 ## - TITLE STATEMENT
Title THE HEALTHY HOME HOW TO ENSURE YOUR HOME HAS A POSITIVE INFLUENCE ON YOUR HEALTH
260 ## - PUBLICATION, DISTRIBUTION, ETC.
Name of publisher, distributor, etc. CASSELL AND COMPANY
Date of publication, distribution, etc. 2007
300 ## - PHYSICAL DESCRIPTION
Extent 160

No items available.